000 00692cam a2200241 4500500
005 20260329004953.0
041 _afre
042 _adc
100 1 0 _ade Oliveira, Victorine
_eauthor
245 0 0 _a“Ainsi parlait Zarathoustra”. Les extraits
260 _c2021.
500 _a61
690 _aDisciple
690 _aEternel retour
690 _aLiberté
690 _amaître
690 _aMort
690 _aNietzsche
690 _asurhomme
690 _aZarathoustra
786 0 _nPhilosophie magazine | 155 | 12 | 2021-12-01 | p. 42-45 | 1951-1787
856 4 1 _uhttps://shs.cairn.info/magazine-philosophie-magazine-2021-12-1-page-42?lang=fr&redirect-ssocas=7080
999 _c1839054
_d1839054